Aplicación de computadores al cálculo de redes de alcantarillado de aguas servidas

Guardat en:
Dades bibliogràfiques
Autor principal: Coddou Pereda, Reinaldo (Autor)
Format: Llibre
Idioma:anglès
Publicat: Santiago Universidad de Chile 1970
Col·lecció:Serie de Publicaciones, 5
Matèries:
Etiquetes: Afegir etiqueta
Sense etiquetes, Sigues el primer a etiquetar aquest registre!

MARC

LEADER 00000nam a2200000 a 4500
001 UCU6211
003 CL-VaPUC
008 960614e19700000CL |||||||||||||||||eng|d
082 0 4 |a 628.2  |b COD  |2 21 
100 0 |a Coddou Pereda, Reinaldo  |e author  |9 364381 
245 1 0 |a Aplicación de computadores al cálculo de redes de alcantarillado de aguas servidas 
300 |a 188 p 
942 |c BK 
945 |d 19960614 00:00:00  |a paguirre 
260 |a Santiago  |b Universidad de Chile  |c 1970 
650 0 |a Alcantarillado   |9 260369 
650 0 |a Aguas residuales   |9 262614 
650 0 |a Tratamiento del agua   |9 262889 
650 0 |a Aplicaciones de computadores  |9 260401 
583 |a last modification  |c 20161003 11:28:51  |k Rodrigo Vera 
490 0 |a Serie de Publicaciones, 5 
999 |c 249228  |d 249226